| 000 | 00794nam a22002057a 4500 | ||
|---|---|---|---|
| 001 | BD-DhSAU 10260 | ||
| 003 | BD-DhSAU | ||
| 005 | 20150626175736.0 | ||
| 008 | 150522b1989 bg a|||| |||| 00| 0 b d | ||
| 040 | _aBD-DhSAU | ||
| 082 |
_222 _a৪৯১.৪৪০৩ _bভাষাত |
||
| 100 | _aওয়েলস, এইচ জি | ||
| 245 |
_aটাইম মেশিন / _cএইচ জি ওয়েলস। সংক্ষেপণ মাহবুবুল হক |
||
| 260 |
_aঢাকা : _bবাংলা একাডেমী , _c১৯৮৯. |
||
| 300 |
_a১০০ পৃ. : _bচিত্র ; _c২২ সেমি. |
||
| 590 | _aerfat | ||
| 650 | _aকিশোর গ্রন্থমালা | ||
| 700 | _aহক, মাহবুবুল | ||
| 942 |
_2ddc _cBOOK |
||
| 999 |
_c10260 _d10259 |
||